LEADER 00992nam a2200241 u 4500 001 000000090283 003 CaOOAMICUS 005 20070226124716.0 008 051212s1966 it u000 u ita u 035 $a11072015 040 $aPUL(R)$bita 100 1 $aInnocenti, Ennio.$0(OLS)http://pul/name/13236 245 13$aIl dialogo ecclessiale alla luce del Vaticano II /$cEnnio Innocenti. 260 $a[Tivoli :$bTip. Picchi,$cstampa 1966. 300 $a132 p. ;$c18 cm 500 $aSul front.: Pro Manuscripto. 611 24$aConcilium Vaticanum$n(2 :$d1962-1965).$0(OLS)http://pul/subject/71 850 $aPUL 852 $aPUL$W1$xDP1 Fondo Pastorale$y55$mP18 D 36$j113965$nBK-PRI$b $qFondi$B113965$CPULBib$Z2$F113965 $H $81 941 1 $a1 960 $aConcilio Vaticano II (1962-1965)$971 996 $6245$aIl dialogo ecclessiale alla luce del Vaticano II$9(OLS)http://pul/title/116616 996 $6260$a[Tivoli :$bTip. Picchi$9(OLS)http://pul/publisher/78377 LEADER 01158nam a2200289 u 4500 001 000000064528 003 CaOOAMICUS 005 20070226121351.0 008 011120s1975 fr u000 u fre u 020 $a2700700104 035 $a10910626 040 $aPUL(R)$bita 100 1 $aGuibal, Francis.$0(OLS)http://pul/name/43596 245 10$aDieu selon Hegel / :$bessai sur la problématique de la Phénomenologie de l'Esprit /$cFrancis Guibal. 260 $aParis :$bAubier Montaigne,$cc1975. 300 $a352 p. ;$c22 cm 490 1 $aPhilosophie de l'esprit 504 $aBibliografia in nota. 600 14$aHegel, Georg Wilhelm Friedrich,$d1770-1831.$0(OLS)http://pul/subject/7788 830 0$aPhilosophie de l'esprit.$0(OLS)http://pul/title/7882 850 $aPUL 852 $aPUL$W1$xSL Filosofia 1$y2$m85 F 74$j83648$nBK-PRI$b $qStampati$B83648$CPULBib$Z2$F83648 $H $81 941 1 $a8 961 $aINV: 64268 996 $6020$a2700700104$9(OLS)http://pul/number/83757 996 $6245$aDieu selon Hegel$9(OLS)http://pul/title/85971 996 $6260$aParis :$bAubier Montaigne$9(OLS)http://pul/publisher/49238